| 000 -LEADER |
| fixed length control field |
00654nam a2200205Ia 4500 |
| 001 - CONTROL NUMBER |
| control field |
17700 |
| 003 - CONTROL NUMBER IDENTIFIER |
| control field |
GE_BSU |
| 008 - FIXED-LENGTH DATA ELEMENTS--GENERAL INFORMATION |
| fixed length control field |
181216s||||||||xx |||||||||||||| ||und|| |
| 040 ## - CATALOGING SOURCE |
| Transcribing agency |
GE_BSU |
| 080 ## - UNIVERSAL DECIMAL CLASSIFICATION NUMBER |
| Universal Decimal Classification number |
628.517+699(035) |
| 100 ## - MAIN ENTRY--PERSONAL NAME |
| Personal name |
Юдин,Е.Я. Никольский,В.Н. Рассадина,И.Д. и др. |
| 245 ## - TITLE STATEMENT |
| Title |
Справочник проектировщика. Защита от шума. |
| 245 ## - TITLE STATEMENT |
| Statement of responsibility, etc. |
Под ред. Е.Я.Юдина. |
| 260 ## - PUBLICATION, DISTRIBUTION, ETC. |
| Place of publication, distribution, etc. |
М. |
| 260 ## - PUBLICATION, DISTRIBUTION, ETC. |
| Name of publisher, distributor, etc. |
Стройиздат. |
| 260 ## - PUBLICATION, DISTRIBUTION, ETC. |
| Date of publication, distribution, etc. |
1974. |
| 300 ## - PHYSICAL DESCRIPTION |
| Extent |
134 стр. с илл. 26 см. |
| 653 ## - INDEX TERM--UNCONTROLLED |
| Uncontrolled term |
Справочник проектировщика. |
| 942 ## - ADDED ENTRY ELEMENTS (KOHA) |
| Koha item type |
წიგნი |